Underground Station Names that no-longer Exist! P1(Pre-1900) - Statistics

General Stats
  • This quiz has been taken 5 times
  • The average score is 20 of 65
Answer Stats
Hint Answer New Name/gone/gone (NR) % Correct
Shepherd's Bush Shepherd's Bush Market
80%
Chorley Wood Chorleywood
60%
Farringdon Street Farringdon
60%
King's Cross King's Cross St. Pancras
60%
New Cross New Cross Gate
60%
Portland Road Great Portland Street
60%
Praed Street Paddington
60%
The Temple Temple
60%
1892 Aylesbury gone (NR)
40%
1863 Bishop's Road Paddington
40%
British Museum Holborn
40%
Chalfont Road Chalfont & Latimer
40%
Deptford Road Surrey Quays
40%
Harrow Harrow on the Hill
40%
Hayes Hayes & Harlington
40%
1884 Hounslow Barracks Hounslow West
40%
Hounslow Town gone (NR)
40%
Mark Lane Tower Hill
40%
Moorgate Street Moorgate
40%
North End (Fulham) West Kensington
40%
Osterley & Spring Grove Osterley
40%
Post Office St. Paul's
40%
Putney Bridge & Fulham Putney Bridge
40%
Queen's Road Queensway
40%
St. John's Wood Road St. John's Wood
40%
The Oval Oval
40%
Tower of London Tower Hill
40%
Uxbridge Road Shepherd's Bush
40%
Westminster Bridge Westminster
40%
1879 Acton Green Chiswick Park
20%
Aldersgate Street Barbican
20%
Bishopsgate Liverpool Street
20%
Boston Road Boston Manor
20%
Brill gone
20%
Brompton Gloucester Road
20%
Castle Hill (Ealing Dean) West Ealing
20%
Clapham Road Clapham North
20%
Eastcheap Monument
20%
Gower Street Euston Square
20%
Grandborough Road gone
20%
Great Missenden gone (NR)
20%
Hammersmith (Grove Road) gone
20%
Heston-Hounslow Hounslow Central
20%
Kilburn & Brondesbury Kilburn
20%
Kingsbury & Neasden Neasden
20%
Marlborough Road gone
20%
Mill Hill Park Acton Town
20%
Notting Hill Ladbroke Grove
20%
Quainton Road gone
20%
Shaftesbury Road Ravenscourt Park
20%
St. Mary's gone
20%
Stoke Mandeville gone
20%
The Monument Monument
20%
Verney Junction gone
20%
Waddesdon Manor gone
20%
Waddesdon Road gone
20%
Walham Green Fulham Broadway
20%
Wendover gone
20%
Westcott gone
20%
Winslow Road gone
20%
Wood Siding gone
20%
Wotton gone
20%
King William Street gone
0%
1900 Shadwell & St. George in the East Shadwell
0%
Windsor gone (NR)
0%
No matching quizzes found
Score Distribution
Percent of People with Each Score
Percentile by Number Answered
Your Score History
You have not taken this quiz